Romona and Her Mother / (Record no. 5118)

MARC details
000 -LEADER
fixed length control field 00830nam a22002777a 4500
001 - CONTROL NUMBER
control field 5118
003 - CONTROL NUMBER IDENTIFIER
control field FISKH
005 - DATE AND TIME OF LATEST TRANSACTION
control field 20241106165216.0
008 - FIXED-LENGTH DATA ELEMENTS--GENERAL INFORMATION
fixed length control field 241106b cb ||||| |||| 00| 0 eng d
040 ## - CATALOGING SOURCE
Original cataloging agency FISKH
Language of cataloging eng
Transcribing agency FISKH
Modifying agency FISKH
050 ## - LIBRARY OF CONGRESS CALL NUMBER
Classification number PZ7.C5792
082 ## - DEWEY DECIMAL CLASSIFICATION NUMBER
Classification number 813.54
100 ## - MAIN ENTRY--PERSONAL NAME
Personal name Cleary, Beverly
245 ## - TITLE STATEMENT
Title Romona and Her Mother /
Statement of responsibility, etc. by Beverly Cleary
260 ## - PUBLICATION, DISTRIBUTION, ETC.
Place of publication, distribution, etc. New York :
Name of publisher, distributor, etc. A Yearling Book ;
Date of publication, distribution, etc. 1979 .
300 ## - PHYSICAL DESCRIPTION
Extent 207 pages :
Other physical details illustrations ;
Dimensions 18 cm .
490 ## - SERIES STATEMENT
Series statement Ramona Quimby
Volume/sequential designation Book 5
505 ## - FORMATTED CONTENTS NOTE
Formatted contents note V <br/><br/>
520 ## - SUMMARY, ETC.
Summary, etc. Ramona at 7 1/2 sometimes feels discriminated against by being the youngest in the family.
521 8# - TARGET AUDIENCE NOTE
Target audience note 860 <br/>
Source Lexile <br/>
521 8# - TARGET AUDIENCE NOTE
Target audience note V <br/>
Source Raz-Plus <br/>
650 ## - SUBJECT ADDED ENTRY--TOPICAL TERM
Topical term or geographic name entry element children's
Form subdivision fiction
700 ## - ADDED ENTRY--PERSONAL NAME
Personal name Tiegreen , Alan
Relator term illustrator
942 ## - ADDED ENTRY ELEMENTS (KOHA)
Source of classification or shelving scheme Dewey Decimal Classification
Koha item type Books
Suppress in OPAC No
Holdings
Withdrawn status Lost status Source of classification or shelving scheme Damaged status Not for loan Collection Home library Current library Shelving location Date acquired Total Checkouts Full call number Barcode Date last seen Price effective from Koha item type
    Dewey Decimal Classification     Fiction Footprints International School Library Network Toul Kork Campus Footprints International School Library Network Toul Kork Campus TTP Secondary Fiction Bookshelves 11/06/2024   CLE 813.54 PZ7.C5792 FISSE00698 11/06/2024 11/06/2024 Books